000 00829nam a2200205 a 4500
001 000021699
005 20200930011421.0
008 100910s1969 dr a r 000 0 spa d
040 _aDO-SdBNP
_bspa
_cBNPHU
082 _a352.48
_bR426e, 1969
110 1 _aRepública Dominicana.
_bSecretariado Técnico de la Presidencia.
_bOficina Nacional de Planificación.
_911062
245 1 0 _aEjecución del presupuesto 1969 .
260 _aSanto Domingo :
_bSecretariado Técnico de la Presidencia,
_c1969.
300 _av. :
_bil. ;
_c22 cm.
_c22 cm.
590 _aInventariado, 2018/BT
650 4 _aPresupuesto
_zRepública Dominicana
_97940
650 4 _aHacienda pública
_zRepública Dominicana
_96562
651 4 _aRepública Dominicana
_xGastos Presupuestarios Públicos
_y1969
_945131
910 _aValidado. Control de calidad. MMOLINA
999 _c21198
_d21198